[Event "XVI Festival A"]
[Site "Padova ITA"]
[Date "2013.12.17"]
[Round "3"]
[White "Georgiev, Kiril D."]
[Black "Kovacevic, Blazimir"]
[WhiteElo "2648"]
[BlackElo "2437"]
[Result "1-0"]
[PlyCount "268"]
[EventDate "2013.12.15"]

1. d4 e6 2. c4 Bb4+ 3. Bd2 Qe7 4. g3 Nf6 5. Bg2 Nc6 6. e3 Bxd2+ 7. Qxd2 d5 8.
Ne2 O-O 9. O-O dxc4 10. Rc1 e5 11. Rxc4 exd4 12. Nxd4 Ne5 13. Rc1 c5 14. Nf3
Bh3 15. Nxe5 Bxg2 16. Kxg2 Qxe5 17. Nc3 Rad8 18. Qe2 Ne4 19. Nxe4 Qxe4+ 20. Qf3
Qe7 21. Rd1 c4 22. Rd5 Qb4 23. Rad1 Rxd5 24. Qxd5 b5 25. Rd2 h6 26. h4 a5 27.
Qd4 Rb8 28. Qe5 Qxd2 29. Qxb8+ Kh7 30. Qxb5 c3 31. Qf5+ Kg8 32. Qc8+ Kh7 33.
Qxc3 Qd5+ 34. Kf1 Qxa2 35. Ke2 g6 36. g4 Qe6 37. Qd4 Qe7 38. Qd5 Qf6 39. b3 Kg8
40. h5 gxh5 41. gxh5 Qb2+ 42. Kf1 Qc2 43. Kg2 Qc8 44. Kg3 Qa6 45. Qd8+ Kh7 46.
Qe7 Kg7 47. Qe5+ Kg8 48. Qf4 Qb6 49. Qg4+ Kh7 50. Qc4 Kg8 51. Qd5 Qa6 52. Qf5
Qb6 53. Qe5 Qxb3 54. Qxa5 Qd1 55. Qa8+ Kg7 56. Qf3 Qb1 57. Kh3 Kf8 58. Kg2 Qb5
59. Qg4 Qd5+ 60. Qf3 Qg5+ 61. Kh3 Qe5 62. Qg4 Qd5 63. Kh2 Qe5+ 64. Kg2 Qd5+ 65.
e4 Qe5 66. Kh3 Qa1 67. Qf5 Kg7 68. Kg2 Qd1 69. Kh2 Qd4 70. Kh3 Qd3+ 71. Kh4 Qb1
72. Qg4+ Kf8 73. Qc8+ Kg7 74. Qc3+ Kh7 75. Qf3 Kg7 76. e5 Qc1 77. Kh3 Kg8 78.
Kg2 Qc8 79. Kg3 Qc1 80. Kh2 Qe1 81. Qe3 Qb4 82. Kh3 Kh7 83. e6 fxe6 84. Qxe6
Qf4 85. Qd7+ Kh8 86. Qc8+ Kh7 87. Qc2+ Kh8 88. Qc3+ Kh7 89. Qd3+ Kh8 90. f3 Qg5
91. Qd4+ Kh7 92. Qe4+ Kh8 93. Qg4 Qc1 94. Qd4+ Kh7 95. Qe4+ Kh8 96. f4 Qf1+ 97.
Kh4 Qg1 98. Qe5+ Kh7 99. Qf5+ Kh8 100. Qe4 Kg7 101. Kh3 Kh8 102. Qd3 Qg7 103.
Qd6 Kh7 104. Qe6 Qg1 105. Qd7+ Kh8 106. Qd3 Qg7 107. f5 Qf6 108. Qd5 Qc3+ 109.
Kg4 Qc1 110. f6 Qg1+ 111. Kf5 Qg5+ 112. Ke6 Qg4+ 113. Ke7 Qe2+ 114. Kf7 Qg4
115. Ke7 Qe2+ 116. Kf8 Qg4 117. f7 Qe4 118. Qd6 Qa8+ 119. Ke7 Qb7+ 120. Ke6
Qb3+ 121. Kf6 Qc3+ 122. Ke7 Qe3+ 123. Kd8 Qg5+ 124. Ke8 Qb5+ 125. Kf8 Qg5 126.
Ke8 Qb5+ 127. Ke7 Qb7+ 128. Qd7 Qb4+ 129. Qd6 Qb7+ 130. Ke8 Qc8+ 131. Qd8 Qe6+
132. Kf8 Qe5 133. Qb6 Qg5 134. Qd6 Qd8+ 1-0

[Event "XVI Festival A"]
[Site "Padova ITA"]
[Date "2013.12.17"]
[Round "3"]
[White "Godena, Michele"]
[Black "Moroni, Luca jr"]
[WhiteElo "2509"]
[BlackElo "2229"]
[Result "1-0"]
[PlyCount "133"]
[EventDate "2013.12.15"]

1. e4 e6 2. d4 d5 3. Nd2 c5 4. exd5 Qxd5 5. Ngf3 cxd4 6. Bc4 Qd7 7. O-O Nc6 8.
Nb3 Nf6 9. Nbxd4 Nxd4 10. Qxd4 Qxd4 11. Nxd4 Bd7 12. Bf4 Rc8 13. Bb3 Bc5 14.
Rad1 O-O 15. c3 Rfd8 16. Rfe1 b5 17. a3 a6 18. h3 Bxd4 19. Rxd4 Bc6 20. Rxd8+
Rxd8 21. Rd1 Rc8 22. c4 bxc4 23. Bxc4 Nd5 24. Bd2 Bb5 25. Ba2 h5 26. Rc1 Rxc1+
27. Bxc1 Kf8 28. Bd2 Ke7 29. Bb3 Kd6 30. Bd1 g6 31. f3 e5 32. g3 f5 33. Bc2 Nb6
34. b3 Nd5 35. a4 Bc6 36. Bd3 Bb7 37. Kf2 Kc5 38. Bc4 Kd4 39. Bh6 Kc5 40. Bf8+
Kd4 41. h4 f4 42. gxf4 Nxf4 43. Be7 Nd3+ 44. Kg3 e4 45. fxe4 Kxe4 46. b4 Ne5
47. Bf1 Kf5 48. a5 Ng4 49. b5 axb5 50. Bxb5 Ne5 51. a6 Ba8 52. Bf1 Ke6 53. Bg5
Kd7 54. Bf4 Ng4 55. Bd3 Nf6 56. Bxg6 Ne4+ 57. Kh2 Ke6 58. Bxh5 Kf5 59. Bc7 Nc5
60. a7 Ne6 61. Bd6 Nd4 62. Bd1 Nf3+ 63. Kg3 Nxh4 64. Kxh4 Ke6 65. Bb8 Kd7 66.
Bg4+ Kd8 67. Kg3 1-0

[Event "XVI Festival A"]
[Site "Padova ITA"]
[Date "2013.12.17"]
[Round "3"]
[White "Manca, Federico"]
[Black "Dvirnyy, Danyyil"]
[WhiteElo "2402"]
[BlackElo "2560"]
[Result "1/2-1/2"]
[PlyCount "63"]
[EventDate "2013.12.15"]

1. e4 e5 2. f4 exf4 3. Nf3 d5 4. exd5 Nf6 5. Bc4 Nxd5 6. Bxd5 Qxd5 7. Nc3 Qh5
8. d4 Bg4 9. Qe2+ Be7 10. Bxf4 Nc6 11. O-O-O O-O 12. d5 Bg5 13. Bxg5 Bxf3 14.
gxf3 Qxg5+ 15. Kb1 Ne5 16. Rhg1 Qf4 17. h4 Rae8 18. Qg2 g6 19. h5 Nc4 20. Qh3
Re3 21. Rg4 Qf5 22. hxg6 fxg6 23. Qh6 Rxc3 24. bxc3 Na3+ 25. Ka1 Qe5 26. Rxg6+
hxg6 27. Qxg6+ Qg7 28. Qe6+ Rf7 29. Qc8+ Rf8 30. Qe6+ Rf7 31. Qc8+ Rf8 32. Qe6+
1/2-1/2

[Event "XVI Festival A"]
[Site "Padova ITA"]
[Date "2013.12.17"]
[Round "3"]
[White "Moskalenko, Viktor"]
[Black "Massironi, Marco"]
[WhiteElo "2538"]
[BlackElo "2221"]
[Result "1-0"]
[PlyCount "67"]
[EventDate "2013.12.15"]

1. d4 Nf6 2. c4 g6 3. Nc3 d5 4. cxd5 Nxd5 5. Bd2 Bg7 6. e4 Nxc3 7. Bxc3 O-O 8.
Nf3 Bg4 9. Be2 c5 10. d5 Bxc3+ 11. bxc3 Bxf3 12. Bxf3 Qd6 13. Rb1 b6 14. O-O
Nd7 15. Re1 Rad8 16. Be2 e6 17. Bb5 exd5 18. exd5 Rfe8 19. c4 Rxe1+ 20. Qxe1
Ne5 21. Qe2 g5 22. Re1 Ng6 23. g3 Kg7 24. a4 h6 25. a5 bxa5 26. Qb2+ Kh7 27.
Qc3 a6 28. Ba4 Rb8 29. Bc2 Rb6 30. Re8 Qf6 31. Qxf6 Rxf6 32. Rc8 Kg7 33. Bxg6
Kxg6 34. Rxc5 1-0

[Event "XVI Festival A"]
[Site "Padova ITA"]
[Date "2013.12.17"]
[Round "3"]
[White "Petkov, Vladimir"]
[Black "Xia, Jie"]
[WhiteElo "2558"]
[BlackElo "2280"]
[Result "1-0"]
[PlyCount "105"]
[EventDate "2013.12.15"]

1. d4 Nf6 2. c4 d6 3. Nc3 e5 4. Nf3 Nbd7 5. e4 Be7 6. Be2 O-O 7. O-O c6 8. Re1
h6 9. Bf1 Nh7 10. c5 dxc5 11. dxe5 Nb6 12. h3 Be6 13. Qc2 Ng5 14. Nh2 f5 15.
exf6 Bxf6 16. Be3 Bd4 17. Rad1 Qf6 18. e5 Bxe5 19. Bxc5 Rfe8 20. Be3 Nd5 21.
Ng4 Bxg4 22. Nxd5 cxd5 23. hxg4 Nf7 24. Qb3 Qh4 25. g3 Qxg4 26. Qxd5 Rad8 27.
Be2 Rxd5 28. Bxg4 Rxd1 29. Rxd1 Bxb2 30. Rb1 Be5 31. Rxb7 a5 32. Bh5 Nd6 33.
Ra7 Re6 34. Bd1 Kh8 35. Bb3 Re8 36. Kg2 Bc3 37. Rc7 Rc8 38. Rd7 Nb5 39. Rd5 Na3
40. Rd7 Nc4 41. Bf4 Ne5 42. Rd5 Nc4 43. Bc2 g5 44. Bf5 Rc6 45. Bb8 Rb6 46. Rd8+
Kg7 47. Rc8 Be5 48. Ba7 Rb7 49. Ra8 Nd6 50. Be6 Kf6 51. Bb3 g4 52. Be3 Nf5 53.
Rf8+ 1-0

[Event "XVI Festival A"]
[Site "Padova ITA"]
[Date "2013.12.17"]
[Round "3"]
[White "Rombaldoni, Denis"]
[Black "Rossi, Carlo"]
[WhiteElo "2462"]
[BlackElo "2285"]
[Result "1-0"]
[PlyCount "65"]
[EventDate "2013.12.15"]

1. d4 g5 2. Bxg5 Bg7 3. c3 c5 4. e3 Qb6 5. Qb3 Qg6 6. Nf3 Nc6 7. Na3 Nf6 8. d5
Na5 9. Qa4 b6 10. O-O-O Ne4 11. Bh4 f5 12. Bd3 c4 13. Bxe4 fxe4 14. Nd2 Nb7 15.
Nb5 Nc5 16. Qxc4 O-O 17. Nc7 d6 18. f3 b5 19. Qxb5 Bd7 20. Qa5 Nd3+ 21. Kc2
exf3 22. e4 fxg2 23. Rhg1 Rab8 24. Kxd3 Rxb2 25. Ne6 Bb5+ 26. c4 Bxc4+ 27. Kxc4
Rxd2 28. Rxd2 Qxe4+ 29. Kb5 Rb8+ 30. Ka6 Qc4+ 31. Kxa7 Bc3 32. Rdxg2+ Kh8 33.
Kxb8 1-0

[Event "XVI Festival A"]
[Site "Padova ITA"]
[Date "2013.12.17"]
[Round "3"]
[White "Sibilio, Mario"]
[Black "Sanchez, Joseph"]
[WhiteElo "2314"]
[BlackElo "2534"]
[Result "0-1"]
[PlyCount "60"]
[EventDate "2013.12.15"]

1. d4 d5 2. c4 c6 3. Nf3 Nf6 4. Nc3 a6 5. a4 Bf5 6. a5 dxc4 7. e3 e6 8. Bxc4
Bb4 9. Qa4 Qe7 10. O-O O-O 11. Bd2 c5 12. dxc5 Bxc5 13. Be2 Nc6 14. e4 Bg6 15.
Bg5 Qc7 16. Rfc1 Rac8 17. Bxf6 gxf6 18. Nd1 Ba7 19. g3 Qd6 20. Ra3 Nd4 21. Rxc8
Nxe2+ 22. Kf1 Rxc8 23. Kxe2 Rd8 24. Ne3 Bh5 25. g4 Bg6 26. h4 Qf4 27. e5 Be4
28. Nd2 Rxd2+ 29. Kxd2 Qxf2+ 30. Kd1 Bf3+ 0-1

[Event "XVI Festival A"]
[Site "Padova ITA"]
[Date "2013.12.17"]
[Round "3"]
[White "Solodovnichenko, Yuri"]
[Black "Valsecchi, Alessio"]
[WhiteElo "2586"]
[BlackElo "2428"]
[Result "1-0"]
[PlyCount "89"]
[EventDate "2013.12.15"]

1. e4 e5 2. Nf3 Nc6 3. d4 exd4 4. Nxd4 Bc5 5. Nb3 Bb6 6. Qe2 d6 7. Nc3 Nf6 8.
Be3 Qe7 9. O-O-O Bg4 10. f3 Be6 11. g4 h6 12. Kb1 O-O-O 13. g5 hxg5 14. Bxg5
Rde8 15. h4 Kb8 16. Qg2 Qf8 17. Bb5 Nd7 18. Nd5 f5 19. Rhf1 Qf7 20. a4 a6 21.
Bxc6 bxc6 22. Nxb6 Nxb6 23. Na5 Qd7 24. e5 Bd5 25. exd6 Qxd6 26. Qd2 Qc5 27. b3
Ka7 28. Rde1 Nxa4 29. Be3 Rxe3 30. Qxe3 Qxe3 31. Rxe3 Kb6 32. c4 Kxa5 33. cxd5
Nc5 34. Rc1 Kb4 35. Rc4+ Kb5 36. Rec3 Nxb3 37. Rxc6 Na5 38. Rxc7 Rxh4 39. d6
Rd4 40. d7 Kb6 41. f4 Nb7 42. R3c6+ Kb5 43. Re6 Nd8 44. Re8 Nc6 45. Rxc6 1-0

[Event "XVI Festival A"]
[Site "Padova ITA"]
[Date "2013.12.17"]
[Round "4"]
[White "Dvirnyy, Danyyil"]
[Black "Caprio, Guido"]
[WhiteElo "2560"]
[BlackElo "2423"]
[Result "1-0"]
[PlyCount "40"]
[EventDate "2013.12.15"]

1. e4 c5 2. Nf3 d6 3. d4 cxd4 4. Nxd4 Nf6 5. Nc3 Nc6 6. Bc4 e6 7. Be3 Be7 8.
Qe2 O-O 9. O-O-O Bd7 10. f4 Rc8 11. e5 Ne8 12. Kb1 Na5 13. Bd3 d5 14. f5 Nc4
15. Bc1 Bg5 16. fxe6 fxe6 17. Nxd5 exd5 18. e6 Bxc1 19. Bxc4 Bg5 20. Bxd5 Nf6
1-0

[Event "XVI Festival A"]
[Site "Padova ITA"]
[Date "2013.12.17"]
[Round "4"]
[White "Kovacevic, Blazimir"]
[Black "Del Monaco, Andrea"]
[WhiteElo "2437"]
[BlackElo "2295"]
[Result "1-0"]
[PlyCount "119"]
[EventDate "2013.12.15"]

1. g3 e5 2. c4 Nf6 3. Bg2 c6 4. d4 exd4 5. Qxd4 d5 6. Nf3 Be7 7. cxd5 cxd5 8.
O-O O-O 9. Nc3 Nc6 10. Qa4 Qb6 11. Rd1 Rd8 12. Qb5 d4 13. Qxb6 axb6 14. Nb5 Be6
15. Nfxd4 Rxa2 16. Rxa2 Bxa2 17. Bxc6 bxc6 18. Nc3 Bc4 19. Nxc6 Rxd1+ 20. Nxd1
Bc5 21. Kf1 Bb3 22. Ne3 Nd7 23. Bd2 g6 24. Ng4 f6 25. Bb4 Ba4 26. Bxc5 Bxc6 27.
Bd4 Kf7 28. Ke1 Ke6 29. Kd2 f5 30. Ne3 Bb5 31. f3 Kd6 32. b3 Kc6 33. Nd1 Nf8
34. Nc3 Ba6 35. e4 fxe4 36. fxe4 Bc8 37. b4 b5 38. Ke3 Ne6 39. Nd5 Kd6 40. h4
Bb7 41. Nc3 Bc6 42. Nd1 Be8 43. Nf2 g5 44. hxg5 Nxg5 45. Bf6 Ne6 46. Nd1 Bc6
47. Nc3 Nf8 48. Bd4 Ng6 49. Ne2 Ne5 50. Bc5+ Kc7 51. Nd4 Bd7 52. Kf4 Ng6+ 53.
Kg5 Be8 54. Kf6 h5 55. Ne6+ Kd7 56. Nf4 h4 57. Nxg6 Bxg6 58. Kxg6 h3 59. Bg1
Ke6 60. Kg5 1-0

[Event "XVI Festival A"]
[Site "Padova ITA"]
[Date "2013.12.17"]
[Round "4"]
[White "Laketic, Gojko"]
[Black "Brunello, Marina"]
[WhiteElo "2447"]
[BlackElo "2259"]
[Result "0-1"]
[PlyCount "125"]
[EventDate "2013.12.15"]

1. d4 d5 2. c4 c6 3. Nf3 Nf6 4. Qc2 dxc4 5. Qxc4 Bf5 6. Nc3 e6 7. g3 h6 8. Bg2
Nbd7 9. O-O Be7 10. e3 O-O 11. Qe2 Ne4 12. Nd2 Nxd2 13. Bxd2 Nf6 14. e4 Bg4 15.
f3 Bh5 16. Be3 Qc7 17. Rac1 Rad8 18. Kh1 Qb8 19. Qf2 Bg6 20. Ne2 Qa8 21. Rfd1
Bh7 22. Nf4 a5 23. a3 Rfe8 24. Nd3 Nd7 25. Qe1 Bd6 26. Qc3 Bc7 27. b4 Bb6 28.
Nc5 Qa7 29. Bg1 axb4 30. axb4 Qb8 31. d5 Bxc5 32. dxe6 Bxg1 33. exd7 Re7 34.
Kxg1 Rexd7 35. Rxd7 Rxd7 36. Bh3 Rd6 37. Kf1 Bg6 38. Ke2 Qd8 39. Rc2 Qg5 40.
Qc5 Qd8 41. Qe3 Bh5 42. Bg2 Qa8 43. Qc5 Qa4 44. g4 Bg6 45. Qxd6 Qxc2+ 46. Qd2
Qc4+ 47. Kf2 c5 48. bxc5 Qxc5+ 49. Qe3 Qc2+ 50. Kg3 b5 51. f4 f6 52. Qd4 Qb1
53. f5 Bf7 54. Kf2 b4 55. e5 fxe5 56. Qxe5 Qc2+ 57. Kf1 Qd1+ 58. Kf2 Qxg4 59.
Be4 b3 60. f6 Qh4+ 61. Ke2 gxf6 62. Qd4 Qxh2+ 63. Kd3 0-1

[Event "XVI Festival A"]
[Site "Padova ITA"]
[Date "2013.12.17"]
[Round "4"]
[White "Lazic, Miroljub"]
[Black "Fierro Baquero, Martha Lorena"]
[WhiteElo "2461"]
[BlackElo "2364"]
[Result "1-0"]
[PlyCount "67"]
[EventDate "2013.12.15"]

1. e4 d5 2. exd5 Qxd5 3. Nf3 Nf6 4. d4 Bg4 5. Be2 e6 6. c4 Qd8 7. Qb3 Qc8 8.
Nc3 Be7 9. h3 Bh5 10. g4 Bg6 11. Ne5 Nfd7 12. Nxg6 hxg6 13. Be3 Na6 14. O-O-O
c6 15. Kb1 Qc7 16. d5 Ndc5 17. Qc2 O-O 18. a3 Bf6 19. d6 Qa5 20. Na2 Rfd8 21.
f4 g5 22. h4 gxf4 23. Bxf4 Nd7 24. Rh3 c5 25. g5 Be5 26. Bd2 Qb6 27. g6 Nf6 28.
gxf7+ Kxf7 29. Rg1 Rd7 30. Bc3 Bxc3 31. Nxc3 Qxd6 32. Qg6+ Kf8 33. Rf3 Rf7 34.
Rxf6 1-0

[Event "XVI Festival A"]
[Site "Padova ITA"]
[Date "2013.12.17"]
[Round "4"]
[White "Mogranzini, Roberto"]
[Black "Bove, Alessandro"]
[WhiteElo "2506"]
[BlackElo "2371"]
[Result "1-0"]
[PlyCount "80"]
[EventDate "2013.12.15"]

1. c4 e6 2. g3 d5 3. Bg2 Nf6 4. Nf3 dxc4 5. Qa4+ c6 6. Qxc4 b5 7. Qb3 Bb7 8.
O-O Nbd7 9. d4 a6 10. Ne5 Rc8 11. Nc3 Nxe5 12. dxe5 Nd7 13. Ne4 Nc5 14. Nxc5
Bxc5 15. Be3 Qb6 16. Bxc5 Qxc5 17. Rac1 Qxe5 18. Qa3 Qc7 19. Qc5 Qe7 20. Qa7
Qc7 21. Rc2 O-O 22. Rfc1 Ra8 23. Qe3 Rfd8 24. Bxc6 Bxc6 25. Rxc6 Rd1+ 26. Kg2
Rxc1 27. Qxc1 Qb7 28. f3 h6 29. a3 Qd7 30. Qc2 Qd5 31. b4 Qe5 32. Qd3 g6 33.
Kf2 Qh5 34. h4 Qe5 35. Qe3 Qg7 36. Qe4 Ra7 37. h5 Kh7 38. hxg6+ Qxg6 39. Qd4
Ra8 40. Rc7 Qh5 1-0

[Event "XVI Festival A"]
[Site "Padova ITA"]
[Date "2013.12.17"]
[Round "4"]
[White "Mrdja, Milan"]
[Black "Stella, Andrea"]
[WhiteElo "2379"]
[BlackElo "2454"]
[Result "1/2-1/2"]
[PlyCount "67"]
[EventDate "2013.12.15"]

1. e4 e6 2. d4 d5 3. Nc3 Nf6 4. Bg5 Bb4 5. e5 h6 6. Bd2 Bxc3 7. bxc3 Ne4 8. Qg4
Kf8 9. h4 c5 10. Bd3 Nxd2 11. Kxd2 Nc6 12. Nf3 c4 13. Be2 b5 14. a4 bxa4 15.
Rxa4 a5 16. Qf4 Bd7 17. Ra2 a4 18. g4 Na7 19. Rb1 Nb5 20. Rb4 a3 21. Qe3 Qa5
22. h5 Ke7 23. Rb1 Rhb8 24. Rba1 Be8 25. Bf1 Qd8 26. Bh3 Kd7 27. Ng1 Qe7 28.
Ne2 Nc7 29. Kc1 Rb6 30. f4 Qh4 31. Kd2 Qe7 32. Kc1 Qh4 33. Kd2 Qe7 34. Kc1
1/2-1/2

[Event "XVI Festival A"]
[Site "Padova ITA"]
[Date "2013.12.17"]
[Round "4"]
[White "Rombaldoni, Axel"]
[Black "Georgiev, Kiril D."]
[WhiteElo "2527"]
[BlackElo "2648"]
[Result "0-1"]
[PlyCount "64"]
[EventDate "2013.12.15"]

1. e4 e5 2. d4 exd4 3. c3 d5 4. exd5 Qxd5 5. cxd4 Nc6 6. Nf3 Bg4 7. Be2 Bb4+ 8.
Nc3 Bxf3 9. Bxf3 Qc4 10. Qb3 Qxb3 11. Bxc6+ bxc6 12. axb3 Ne7 13. Ra6 c5 14.
dxc5 Bxc5 15. Bf4 O-O-O 16. O-O Kb7 17. Ra4 Nd5 18. Ra5 Nxc3 19. bxc3 Bb6 20.
Rf5 f6 21. c4 Rhe8 22. Rh5 g5 23. Bg3 Rd7 24. h4 gxh4 25. Bxh4 Re5 26. Rh6 f5
27. Bg3 Re4 28. Rf6 Rd3 29. c5 Bxc5 30. Rc1 Bb6 31. Bxc7 Bxc7 32. Rf7 Rc3 0-1

[Event "XVI Festival A"]
[Site "Padova ITA"]
[Date "2013.12.17"]
[Round "4"]
[White "Rombaldoni, Denis"]
[Black "Solodovnichenko, Yuri"]
[WhiteElo "2462"]
[BlackElo "2586"]
[Result "1-0"]
[PlyCount "67"]
[EventDate "2013.12.15"]

1. d4 d6 2. Nf3 g6 3. e4 Nf6 4. Nc3 Bg7 5. h3 O-O 6. Be3 b6 7. Qd2 Bb7 8. d5 c6
9. Bh6 Nbd7 10. h4 Bxh6 11. Qxh6 Ng4 12. Qg5 h5 13. dxc6 Bxc6 14. Nd4 Rc8 15.
Ne6 Qe8 16. Nxf8 Qxf8 17. Be2 Ngf6 18. f3 Qg7 19. a4 Nc5 20. Qe3 d5 21. exd5
Nxd5 22. Nxd5 Bxd5 23. c3 Qf6 24. a5 Rc6 25. axb6 axb6 26. Qg5 Qxg5 27. hxg5
Ne6 28. Ra7 Kf8 29. Kf2 Bb3 30. Rh4 Rd6 31. Rb4 Nc5 32. Ra8+ Kg7 33. Rb8 Bd1
34. Rd4 1-0

[Event "XVI Festival A"]
[Site "Padova ITA"]
[Date "2013.12.17"]
[Round "4"]
[White "Rossi, Carlo"]
[Black "Moskalenko, Viktor"]
[WhiteElo "2285"]
[BlackElo "2538"]
[Result "0-1"]
[PlyCount "89"]
[EventDate "2013.12.15"]

1. d4 f5 2. h3 d5 3. g4 Nf6 4. Nf3 c6 5. Ne5 Nbd7 6. gxf5 Ne4 7. Bf4 Nxe5 8.
Bxe5 Bxf5 9. f3 Nd6 10. e4 dxe4 11. Nc3 e6 12. Rg1 Nf7 13. Bg3 e3 14. Bf4 Qh4+
15. Bg3 Qf6 16. Ne4 Bxe4 17. fxe4 Rd8 18. c3 Bd6 19. Qe2 Bxg3+ 20. Rxg3 e5 21.
O-O-O exd4 22. Rf3 Qe5 23. Qc4 O-O 24. Rxd4 Rxd4 25. Qxd4 Qxd4 26. cxd4 Nd6 27.
Rxf8+ Kxf8 28. Bd3 Nf7 29. h4 g5 30. hxg5 Nxg5 31. Kd1 Ne6 32. Ke2 Nxd4+ 33.
Kxe3 Ne6 34. e5 h5 35. Be2 h4 36. Bg4 Ke7 37. Bf5 Nc5 38. b3 Ne6 39. Bg4 Nc7
40. Kf4 Nd5+ 41. Kg5 Nb4 42. Kxh4 Nxa2 43. Bc8 b6 44. Bf5 Nc1 45. Kg3 0-1

[Event "XVI Festival A"]
[Site "Padova ITA"]
[Date "2013.12.17"]
[Round "4"]
[White "Rozentalis, Eduardas"]
[Black "Godena, Michele"]
[WhiteElo "2622"]
[BlackElo "2509"]
[Result "1/2-1/2"]
[PlyCount "57"]
[EventDate "2013.12.15"]

1. e4 e5 2. Nf3 Nc6 3. Nc3 Nf6 4. Bb5 Bb4 5. O-O O-O 6. d3 d6 7. Bg5 Ne7 8. Ne2
c6 9. Bc4 Ng6 10. c3 Bc5 11. d4 Bb6 12. Nh4 Kh8 13. Nxg6+ fxg6 14. f3 h6 15.
Be3 d5 16. exd5 Nxd5 17. Bf2 exd4 18. Nxd4 Nf4 19. Ne2 Qg5 20. Nxf4 Qxf4 21.
Bb3 Bxf2+ 22. Rxf2 Bf5 23. Qd2 Qc7 24. Re1 a5 25. Rfe2 a4 26. Bc4 b5 27. Be6
Rad8 28. Qc1 Rfe8 29. Bxf5 1/2-1/2

[Event "XVI Festival A"]
[Site "Padova ITA"]
[Date "2013.12.17"]
[Round "4"]
[White "Sanchez, Joseph"]
[Black "Manca, Federico"]
[WhiteElo "2534"]
[BlackElo "2402"]
[Result "0-1"]
[PlyCount "34"]
[EventDate "2013.12.15"]

1. e4 e5 2. Nf3 Nc6 3. Nc3 Nf6 4. Bb5 Nd4 5. Ba4 Bc5 6. Nxe5 O-O 7. d3 d5 8.
O-O Qe7 9. Nf3 dxe4 10. dxe4 Bg4 11. e5 Rad8 12. exf6 Qxf6 13. Bg5 Qf5 14. Nxd4
Rxd4 15. Qc1 Bf3 16. Bd7 Rg4 17. g3 Qxd7 0-1

[Event "XVI Festival A"]
[Site "Padova ITA"]
[Date "2013.12.18"]
[Round "5"]
[White "Bove, Alessandro"]
[Black "Moroni, Luca jr"]
[WhiteElo "2371"]
[BlackElo "2229"]
[Result "0-1"]
[PlyCount "76"]
[EventDate "2013.12.15"]

1. e4 e6 2. Qe2 c5 3. Nf3 Nc6 4. g3 d6 5. Bg2 g6 6. c3 Bg7 7. Na3 Nge7 8. h4 h5
9. d3 a6 10. Bg5 Qc7 11. O-O e5 12. Rac1 O-O 13. Qd2 Bg4 14. Bh6 b5 15. Bxg7
Kxg7 16. Nc2 a5 17. Ne3 Bxf3 18. Bxf3 b4 19. Bg2 bxc3 20. bxc3 f5 21. exf5 Nxf5
22. Nd5 Qa7 23. Be4 Rab8 24. Rb1 Nce7 25. Nxe7 Nxe7 26. Rxb8 Qxb8 27. Qg5 Rf7
28. d4 cxd4 29. cxd4 d5 30. Bg2 e4 31. f3 exf3 32. Bxf3 Qd6 33. Kg2 Nf5 34.
Bxh5 Qf6 35. Qxf6+ Rxf6 36. Be2 Ne3+ 37. Kg1 Nxf1 38. Bxf1 Rf3 0-1

[Event "XVI Festival A"]
[Site "Padova ITA"]
[Date "2013.12.18"]
[Round "5"]
[White "Brunello, Marina"]
[Black "Dvirnyy, Danyyil"]
[WhiteElo "2259"]
[BlackElo "2560"]
[Result "0-1"]
[PlyCount "56"]
[EventDate "2013.12.15"]

1. e4 e5 2. Nf3 Nc6 3. d4 exd4 4. Nxd4 Bc5 5. Be3 Qf6 6. c3 Nge7 7. g3 h5 8.
Bg2 h4 9. Na3 Bxa3 10. bxa3 a6 11. O-O d6 12. f4 hxg3 13. hxg3 Qg6 14. Kf2 Bg4
15. Qc2 O-O-O 16. Rh1 f5 17. Rab1 Rxh1 18. Rxh1 fxe4 19. Nxc6 Nxc6 20. Bxe4 Qf7
21. Bd4 g5 22. Rh7 Qc4 23. Qb1 Rf8 24. Rh8 Rxh8 25. Bxh8 Qe2+ 26. Kg1 Qe3+ 27.
Kg2 gxf4 28. gxf4 Qh3+ 0-1

[Event "XVI Festival A"]
[Site "Padova ITA"]
[Date "2013.12.18"]
[Round "5"]
[White "Caprio, Guido"]
[Black "Mrdja, Milan"]
[WhiteElo "2423"]
[BlackElo "2379"]
[Result "1-0"]
[PlyCount "109"]
[EventDate "2013.12.15"]

1. d4 d5 2. c4 c6 3. e3 Nf6 4. Nc3 g6 5. Nf3 Bg7 6. Bd3 O-O 7. O-O dxc4 8. Bxc4
Bg4 9. Be2 Nbd7 10. e4 Bxf3 11. Bxf3 Nb6 12. Bg5 Ne8 13. Qb3 h6 14. Be3 Kh7 15.
a4 Nd6 16. e5 Nf5 17. a5 Nxd4 18. Bxd4 Qxd4 19. axb6 Qxb6 20. Qxb6 axb6 21. Na4
Bxe5 22. Nxb6 Rxa1 23. Rxa1 Rd8 24. Nc4 Bf6 25. Na5 Rd2 26. Rb1 c5 27. Bxb7
Rxb2 28. Rxb2 Bxb2 29. Nb3 Ba3 30. Kf1 Kg7 31. Ke2 c4 32. Na5 c3 33. Kd3 Bc5
34. f3 Bg1 35. h3 Kf6 36. Kxc3 Kg5 37. Kd3 Kf4 38. Ke2 f5 39. Nc6 Bc5 40. Nd8
Ba7 41. Nf7 h5 42. h4 Bd4 43. Ng5 Bf6 44. Kf2 Bd4+ 45. Kf1 Kg3 46. Ne6 Bf6 47.
Nf8 Kxh4 48. Nxg6+ Kg5 49. Nf8 Be5 50. f4+ Bxf4 51. Ne6+ Kg4 52. Bf3+ Kg3 53.
Ng7 Be5 54. Nxf5+ Kf4 55. Nxe7 1-0

[Event "XVI Festival A"]
[Site "Padova ITA"]
[Date "2013.12.18"]
[Round "5"]
[White "Manca, Federico"]
[Black "Rombaldoni, Axel"]
[WhiteElo "2402"]
[BlackElo "2527"]
[Result "1/2-1/2"]
[PlyCount "89"]
[EventDate "2013.12.15"]

1. e4 c5 2. Nf3 e6 3. c3 d5 4. exd5 exd5 5. d4 Nf6 6. Bb5+ Bd7 7. Bxd7+ Nbxd7
8. O-O Be7 9. dxc5 Nxc5 10. Bg5 O-O 11. Nbd2 Qd7 12. Nb3 Nce4 13. Bh4 a5 14. a4
Rfe8 15. Qd3 Nh5 16. Bg3 Nhxg3 17. hxg3 Rad8 18. Nxa5 Bc5 19. Nb3 Ba7 20. Nbd4
Qg4 21. Qb5 Qh5 22. Qxb7 Bxd4 23. Nxd4 Rd6 24. Qb5 f5 25. Nxf5 Rde6 26. Qxd5
Nf6 27. Ne7+ R8xe7 28. Qxh5 Nxh5 29. b4 Nf6 30. c4 Rc6 31. Rfc1 Re4 32. a5
Rexc4 33. Rxc4 Rxc4 34. a6 Rc8 35. b5 Nd5 36. Rd1 Nb6 37. Rd6 Nc4 38. Rd7 Ne5
39. Rd4 Rc1+ 40. Kh2 Ra1 41. b6 Rxa6 42. b7 Nc6 43. Rd8+ Kf7 44. b8=Q Nxb8 45.
Rxb8 1/2-1/2

[Event "XVI Festival A"]
[Site "Padova ITA"]
[Date "2013.12.18"]
[Round "5"]
[White "Naumkin, Igor"]
[Black "Aghayev, Miragha"]
[WhiteElo "2445"]
[BlackElo "2350"]
[Result "1-0"]
[PlyCount "109"]
[EventDate "2013.12.15"]

1. d4 Nf6 2. Nf3 g6 3. c4 Bg7 4. Nc3 d5 5. Qa4+ Bd7 6. Qb3 dxc4 7. Qxc4 O-O 8.
e4 a6 9. e5 Ne8 10. h4 b5 11. Qc5 Bg4 12. h5 Nd7 13. Qc6 Nb6 14. hxg6 fxg6 15.
Be3 Qd7 16. Qxd7 Bxd7 17. Ne4 c6 18. Nc5 Nc7 19. Nxd7 Nxd7 20. Ng5 c5 21. Rc1
h6 22. Ne4 Ne6 23. Nxc5 Ndxc5 24. dxc5 Bxe5 25. Rxh6 Bxb2 26. Rc2 Ba3 27. Rxg6+
Kf7 28. Rh6 Bb4+ 29. Ke2 Rfd8 30. c6 Rac8 31. g3 Nd4+ 32. Bxd4 Rxd4 33. Bh3 Rc7
34. Rh4 Rxh4 35. gxh4 Kf6 36. Bd7 Bd6 37. Rd2 Ke5 38. h5 Ra7 39. Rd3 a5 40. h6
Kf6 41. Rh3 Ra8 42. h7 Kg7 43. c7 Bxc7 44. Bxb5 Be5 45. a4 Rc8 46. Bd3 Rb8 47.
Ke3 Kf7 48. Rh5 Bc3 49. Rg5 e6 50. Rc5 Bb4 51. Rc7+ Kf6 52. f4 Bd6 53. Rd7 Ba3
54. Kf3 Bb2 55. Rb7 1-0

[Event "XVI Festival A"]
[Site "Padova ITA"]
[Date "2013.12.18"]
[Round "5"]
[White "Petkov, Vladimir"]
[Black "Lazic, Miroljub"]
[WhiteElo "2558"]
[BlackElo "2461"]
[Result "1-0"]
[PlyCount "55"]
[EventDate "2013.12.15"]

1. d4 d5 2. c4 c6 3. Nf3 Nf6 4. Nc3 e6 5. g3 dxc4 6. Bg2 b5 7. Ne5 a6 8. a4 Bb7
9. O-O Nd5 10. e4 Nxc3 11. bxc3 Nd7 12. Bf4 Be7 13. Qg4 Nxe5 14. Bxe5 Bf6 15.
Bxf6 Qxf6 16. e5 Qg6 17. axb5 axb5 18. Rxa8+ Bxa8 19. Ra1 O-O 20. f4 Bb7 21.
Ra7 Rb8 22. Qxg6 hxg6 23. Kf2 Kh7 24. Be4 Kh6 25. h4 f5 26. exf6 gxf6 27. g4 f5
28. g5+ 1-0

[Event "XVI Festival A"]
[Site "Padova ITA"]
[Date "2013.12.18"]
[Round "5"]
[White "Sibilio, Mario"]
[Black "Bruno, Fabio"]
[WhiteElo "2314"]
[BlackElo "2414"]
[Result "1/2-1/2"]
[PlyCount "95"]
[EventDate "2013.12.15"]

1. Nf3 d5 2. b3 c6 3. Bb2 Bf5 4. g3 e6 5. Bg2 Nf6 6. O-O h6 7. d3 Be7 8. Nbd2
O-O 9. Qe1 Bh7 10. e4 a5 11. a3 Na6 12. Qe2 Rc8 13. e5 Nd7 14. Ne1 a4 15. b4 b5
16. c4 bxc4 17. dxc4 Qb6 18. Nb1 Nc7 19. Nc3 dxc4 20. Be4 Nd5 21. Bxh7+ Kxh7
22. Nf3 Nxc3 23. Bxc3 Qb5 24. Nd4 Qd5 25. Nf3 c5 26. Rfd1 Qb7 27. b5 Nb6 28.
Ba5 Nd5 29. Qxc4 Kg8 30. Rd3 Ra8 31. Bd2 Rfb8 32. Rb1 Qc7 33. Re1 Kf8 34. Rb1
Rd8 35. Rc1 Nb6 36. Rxd8+ Qxd8 37. Qe4 Qd5 38. Qf4 Kg8 39. Qg4 Kf8 40. Be3 Rc8
41. Nd2 Rb8 42. Nc4 Nxc4 43. Qxc4 Qxc4 44. Rxc4 Rxb5 45. Rxa4 Rb8 46. Kf1 Ke8
47. Ke2 c4 48. Rxc4 1/2-1/2